Komentár k novelizovanému zákonu o účtovníctve v úplnom znení
Zákon č. 431/2002 Z.z. z 18. júna 2002 o účtovníctve v znení zákona č. 562/2003 Z.z. a zákona č. 561/2004 Z.z. s komentárom. V prílohe - Zoznam preberaných právnych aktov európskych spoločenstiev a Európskej únie.
Salvato in:
| Autore principale: | |
|---|---|
| Natura: | Capitolo di libro |
| Lingua: | slovacco |
| Soggetti: | |
| Tags: |
Nessun Tag, puoi essere il primo ad aggiungerne!!
|
MARC
| LEADER | 00000naa$a2200000$$$4500 | ||
|---|---|---|---|
| 001 | 0024125 | ||
| 005 | 20231106070714.0 | ||
| 041 | 0 | |a slo | |
| 044 | |a SK | ||
| 245 | 1 | 0 | |a Komentár k novelizovanému zákonu o účtovníctve v úplnom znení |c Zuzana Králiková |
| 520 | |a Zákon č. 431/2002 Z.z. z 18. júna 2002 o účtovníctve v znení zákona č. 562/2003 Z.z. a zákona č. 561/2004 Z.z. s komentárom. V prílohe - Zoznam preberaných právnych aktov európskych spoločenstiev a Európskej únie. | ||
| 610 | 2 | 0 | |a účtovníctvo |
| 610 | 2 | 0 | |a zákony |
| 610 | 2 | 0 | |a novelizácia |
| 610 | 2 | 0 | |a Slovensko |
| 610 | 2 | 0 | |a 2002-2004 |
| 100 | 1 | |a Králiková, Zuzana | |